000 01225nam a22002777a 4500
005 20160930020002.0
008 111125s2011 ck a gr 00010 spa d
020 _a9789584490087
041 0 _aspa
082 0 4 _a584.15
_bR364g
100 1 _aReina-Rodríguez, Guillermo A.
_9861
245 1 0 _aGuía ilustrada de las orquídeas del Valle geogréfico del río Cauca y Piedemonte andino bajo /
_cGuillermo A. Reina-Rodríguez, J. Tupac Otero ; fotografía Francisco López-Machado ; revisión de textos Ignasi Soriano ... [et al.].
260 _aCauca :
_bFundación Naturaleza Creativa,
_c2011.
300 _a95 p. :
_bil. ;
_c14 x 22 cm.
500 _aGlosario : p. 91.
504 _aIncluye bibliografía.
650 4 _aOrquídeas
_x Clasificación
_z Región Andina (Colombia)
_9862
650 4 _aOrquídeas
_x Variedades
_z Región Andina (Colombia)
_9863
650 4 _aOrquídeas
_x Fichas técnicas
_z Región Andina (Colombia)
_9864
650 4 _aOrquídeas
_z Región Andina (Colombia)
_v Fotografías.
_9865
700 1 _aOtero, J. Tupac.
_9866
700 1 _aLópez-Anglada, Luis,
_d1919-2007,
_efot.
_9867
700 1 _aSoriano, Ignasi,
_erev.
_9868
942 _2ddc
_cIMPRESO
_03
949 _a
999 _c7434
_d7434